[Event "IECG CE.2004.0.00077 email"]
[Site "IECG email"]
[Date "2004.09.15"]
[Round "?"]
[White "Boyd, John Michael"]
[Black "Daniel, Silas"]
[Result "1-0"]
[WhiteElo "1335"]
[BlackElo "1350"]
[PlyCount "39"]
[EventDate "2004.09.15"]
[EventType "tourn (corr)"]
[EventRounds "6"]
[SourceTitle "Corr 2008"]
[Source "ChessBase"]
[SourceDate "2008.06.24"]
[SourceVersion "1"]
[SourceVersionDate "2008.06.24"]
[SourceQuality "1"]

1. f4 d5 2. Nf3 Nf6 3. g3 Nc6 4. Bg2 Bf5 5. 0-0 e6 6. d3 Bd6 7. c3 0-0 8. h3 Nh5 9. g4 Ng3 10. Re1 Bg6 11. Kf2 Ne4+ 12. dxe4 dxe4 13. Ng5 e5 14. f5 Bc5+ 15. Kg3 Qxd1 16. Rxd1 Be7 17. fxg6 fxg6 18. Bxe4 Rad8 19. Bd5+ Kh8 20. Ne6 1-0

[Event "IECG CE.2004.0.00077 email"]
[Site "IECG email"]
[Date "2004.09.15"]
[Round "?"]
[White "Daniel, Silas"]
[Black "Stringa, Alejandro J"]
[Result "0-1"]
[WhiteElo "1350"]
[BlackElo "1375"]
[PlyCount "20"]
[EventDate "2004.09.15"]
[EventType "tourn (corr)"]
[EventRounds "6"]
[SourceTitle "Corr 2008"]
[Source "ChessBase"]
[SourceDate "2008.06.24"]
[SourceVersion "1"]
[SourceVersionDate "2008.06.24"]
[SourceQuality "1"]

1. c4 e5 2. Nc3 Nf6 3. g3 Bb4 4. Nd5 Nxd5 5. cxd5 0-0 6. Nf3 e4 7. Ne5 d6 8. Nc4 Nd7 9. Bg2 Nf6 10. 0-0 Re8 0-1

[Event "IECC CL5-2001.05"]
[Site "IECC email"]
[Date "2001.02.10"]
[Round "?"]
[White "Daniel, Silas"]
[Black "Jasinski, Jim"]
[Result "0-1"]
[WhiteElo "1242"]
[BlackElo "1504"]
[PlyCount "24"]
[EventDate "2001.??.??"]
[EventType "tourn (corr)"]
[EventRounds "4"]
[SourceTitle "Corr 2008"]
[Source "ChessBase"]
[SourceDate "2008.06.24"]
[SourceVersion "1"]
[SourceVersionDate "2008.06.24"]
[SourceQuality "1"]

1. e4 e5 2. Nf3 Nc6 3. Bb5 f5 4. Nc3 fxe4 5. Nxe4 Nf6 6. Qe2 Qe7 7. 0-0 d5 8. Nxf6+ gxf6 9. d4 e4 10. Bxc6+ bxc6 11. Nh4 Rg8 12. Qh5+ Qf7 0-1

[Event "IECC KO email"]
[Site "IECC email"]
[Date "2001.02.08"]
[Round "?"]
[White "Daniel, Silas"]
[Black "Parrilla, Antonio"]
[Result "0-1"]
[WhiteElo "1150"]
[BlackElo "1342"]
[PlyCount "42"]
[EventDate "2001.??.??"]
[EventType "tourn (corr)"]
[EventRounds "6"]
[SourceTitle "Corr 2008"]
[Source "ChessBase"]
[SourceDate "2008.06.24"]
[SourceVersion "1"]
[SourceVersionDate "2008.06.24"]
[SourceQuality "1"]

1. Nf3 Nf6 2. d4 d5 3. Nc3 g6 4. Bg5 Bg7 5. e3 0-0 6. Bb5 Ne4 7. 0-0 a6 8. Bd3 Nxg5 9. Nxg5 e5 10. dxe5 Qxg5 11. Nxd5 Qxe5 12. e4 Qxb2 13. Nxc7 Qxa1 14. Qxa1 Bxa1 15. Nxa8 Bd4 16. Nc7 f5 17. Bc4+ Kh8 18. Be6 fxe4 19. Bxc8 Rxc8 20. Ne6 Bb6 21. Re1 Rxc2 0-1

[Event "IECC KO email"]
[Site "IECC email"]
[Date "2001.02.08"]
[Round "?"]
[White "Parrilla, Antonio"]
[Black "Daniel, Silas"]
[Result "1-0"]
[WhiteElo "1350"]
[BlackElo "1142"]
[PlyCount "41"]
[EventDate "2001.??.??"]
[EventType "tourn (corr)"]
[EventRounds "6"]
[SourceTitle "Corr 2008"]
[Source "ChessBase"]
[SourceDate "2008.06.24"]
[SourceVersion "1"]
[SourceVersionDate "2008.06.24"]
[SourceQuality "1"]

1. e4 c6 2. d4 d5 3. Nc3 dxe4 4. Nxe4 Bf5 5. Nc5 e5 6. Nxb7 Qxd4 7. Qxd4 exd4 8. Nf3 Bxc2 9. Nxd4 Nd7 10. Nxc2 Rb8 11. Na5 Bb4+ 12. Nxb4 Rxb4 13. Nxc6 Rb7 14. b3 Ngf6 15. Ba3 Nd5 16. Bc4 Nf4 17. 0-0 Rc7 18. Rae1+ Ne6 19. Bxe6 fxe6 20. Rxe6+ Kf7 21. Re7+ 1-0

[Event "IECC KO email"]
[Site "IECC email"]
[Date "2001.02.05"]
[Round "?"]
[White "Daniel, Silas"]
[Black "Ventimiglia, Charles"]
[Result "0-1"]
[WhiteElo "1382"]
[BlackElo "1952"]
[PlyCount "32"]
[EventDate "2001.??.??"]
[EventType "tourn (corr)"]
[EventRounds "6"]
[SourceTitle "Corr 2008"]
[Source "ChessBase"]
[SourceDate "2008.06.24"]
[SourceVersion "1"]
[SourceVersionDate "2008.06.24"]
[SourceQuality "1"]

1. d4 Nf6 2. Nf3 e6 3. Bg5 c5 4. e4 cxd4 5. Bb5 Qa5+ 6. Qd2 Qxb5 7. Nxd4 Qxb2 8. Nb3 Nxe4 9. Qc1 Bb4+ 10. Ke2 Qe5 11. Qf4 Nc3+ 12. Kf3 Qe2+ 13. Kg3 Ne4+ 14. Kh3 Nxf2+ 15. Kh4 h6 16. N1d2 hxg5+ 0-1